| 000 | 00672nam a22001695i 4500 | ||
|---|---|---|---|
| 001 | 152188 | ||
| 003 | ES-MaACL | ||
| 005 | 20230906204554.0 | ||
| 008 | 051011s1861 sp | |||||||| ||spa d | ||
| 040 |
_aCAM _bspa _cCAM |
||
| 100 | 1 |
_aBlanch é Illa, Narciso. _9126006 |
|
| 245 | 1 | 0 |
_aDos palabras sobre una cuestión de interés político y moral / _cpor Narciso Blanch é Illa. |
| 250 | _a2ª ed. | ||
| 260 |
_aGerona : _b[s.n.], _c1861 ( _fImprenta de El Gerundense, á cargo de Gerardo Cumané y Fabrellas) |
||
| 300 |
_a32 p. ; _c21 cm. |
||
| 852 |
_aES-MaACL _jT-1263-F-2 _z-- Enc. hol., conservando la cub. original _z-- Enc. en un vol. facticio _z.- Donativo Boch |
||
| 999 |
_c152188 _d152188 |
||